A különböző típusú szekrényes keltetőgépek összehasonlítása a műszaki megoldások és az üzemeltetési eredmények alapján

Elmentve itt :
Bibliográfiai részletek
Szerző: Gullay Mihály
További közreműködők: nincs megadva (Témavezető)
Dokumentumtípus: Szakdolgozat
Megjelent: 1974
Kulcsszavak:Baromfikeltetés
Gépesítés, baromfikeltetés
Tárgyszavak:
Online Access:http://diploma.bibl.u-szeged.hu/97936
LEADER 00841nta a2200229 i 4500
001 dipl97936
005 20220126090447.0
008 220126s1974 hu om 0|| zxx d
040 |a SZTE Diploma Repozitórium  |b hun 
041 |a zxx 
100 1 |a Gullay Mihály 
245 1 2 |a A különböző típusú szekrényes keltetőgépek összehasonlítása a műszaki megoldások és az üzemeltetési eredmények alapján  |h [elektronikus dokumentum] /  |c Mihály Gullay 
260 |c 1974 
300 |a 32 
650 4 |a Agrár 
650 4 |a Agricultural sciences 
650 4 |a Animal and Dairy science 
650 4 |a Other agricultural sciences 
695 |a Baromfikeltetés 
695 |a Gépesítés, baromfikeltetés 
700 1 |a nincs megadva  |e ths 
856 4 0 |u http://diploma.bibl.u-szeged.hu/id/eprint/97936/1/xxxx_gullay_mihaly.pdf  |z Dokumentum-elérés